| 000 | 00434nam a22001697a 4500 | ||
|---|---|---|---|
| 003 | NUST - PNEC | ||
| 005 | 20170116180913.0 | ||
| 008 | 150903b xxu||||| |||| 00| 0 eng d | ||
| 020 | _a0070280487 | ||
| 040 | _cLIBRARY | ||
| 082 | _a620.1126 HEL | ||
| 100 |
_97262 _aHellan, Kåre |
||
| 245 |
_aIntroduction to fracture mechanics _cKare Hellan. |
||
| 260 | _cc. 1984 | ||
| 650 |
_97266 _aFracture mechanics _xME |
||
| 942 |
_2ddc _cBK |
||
| 999 |
_c65370 _d65370 |
||